000 00257nam a2200109Ia 4500
008 220714s9999 xx 000 0 und d
020 _a1 85435 013 7
082 _aJ Ref 920 GRE
100 _aNo author, editors only
245 0 _aGreat Poets
942 _cBK
_w561
_xJohn Tresidder
_y561
_zJohn Tresidder
999 _c726699
_d726698